000
00341nam a2200145Ia 4500
100
_a
Kernighan/B.W& ritchie D.M
942
_c
BK
654
_a
C programming
245
_a
The C programming language
260
_b
Prentice Hall of India
_a
New Delhi
_c
1990
082
_a
01.6424C2
_b
KER/
300
_a
272
546
_a
ENGLISH
999
_c
23416
_d
23416